000 00479nam a22001697a 4500
005 20251108170926.0
008 250721s9999 xx 000 0 ara d
082 1 4 _a618.2/بير
100 1 _aبيرش، وليم ج
245 1 0 _aطبيب يتحدث عن الحمل /
264 1 _aطرابلس ( لبنان ) :
_bمؤسسة مصري للتوزيع،
_c[19-].
300 _a166ص
650 1 7 _aالحمل
650 1 7 _aالولادة
942 _2ddc
_cBK
999 _c52288
_d52288